000 01311nam0a22002771 4500
001 rc\3726324
005 20250610104307.0
021 _aRU
_b[73-19084ж]
035 _a(NLR Aleph) 007863835
090 _a7813784
_c7813784
100 _a20130115d1972 |||y0rusy50 ca
101 0 _arus
102 _aRU
105 _ay z |||||
200 1 _aСистема моделей экономического анализа сельскохозяйственного производства
_e[Сборник статей
_fНауч. ред. канд. экон. наук В.А. Свободин]
210 _aМосква
_cБ. и.
_d1972
215 _a105 с.
_d20
225 1 _aМСХ СССР. Всесоюзный научно-исследовательский институт кибернетики. Научные труды
_vВып. 8
300 _aНа обл. только загл. сер.
606 _aСельскохозяйственные предприятия
_xАнализ хозяйственной деятельности
_xМатематические методы
_jСборники
_2psbo
702 1 _aСвободин
_bВ.А.
_gВалентин Андреевич
_4340
801 0 _aRU
_bNLR
_gpsbo
801 1 _aRU
_bELAR
_2rusmarc
852 _aNLR
_jП22/3417
942 _cBOOK
980 _aNB